000 00954nmm a2200265 a 4500
001 ocm000660878
003 TR-IsHL
005 20201028141233.0
008 131226s2005 tu tur
007 cr cn
020 _a9789757594260
035 _a660878
_b(N$T)
050 0 4 _aPL248.K57
_bZ711 2005
090 0 4 _aPL248.K57
_bZ711 2005
100 1 _aKabaklı, Ahmet
245 1 0 _aŞairler sultanı Necip Fazıl
_h[electronic resource] /
_cAhmet Kabaklı
260 _aİstanbul :
_bTürk Edebiyatı Vakfı Yayınları,
_c2005
300 _a176 p.
650 4 _aDil ve Edebiyat
650 4 _aLanguage and Literature
650 0 _aKısakürek, Necip Fâzıl, 1905-1983
_x Eleştiri ve yorum
650 0 _aKısakürek, Necip Fâzıl, 1905-1983
_x Criticism and interpretation
650 7 _aBIOGRAPHY & AUTOBIOGRAPHY / Literary
_2bisacsh
856 4 0 _uhttp://search.ebscohost.com/login.aspx?direct=true&scope=site&db=e011xww&AN=660878
999 _c7710
_d7710